000 00310nam a2200109 4500
999 _c12261
_d12261
008 190119b ||||| |||| 00| 0 eng d
245 _aPEZA wants ROI as basis for removal of tax perks.
260 _aPhilippines
_bManila Bulletin
_cc2018
300 _apage B-2.
650 0 _934671
_aTaxation.
942 _2ddc
_cPER